Talent management v různých typech organizací

Vymedzenie základných pojmov a ich obsah. Vzťah medzi podnikateľskou stratégiou organizácie a talent-poolom.

Enregistré dans:
Détails bibliographiques
Auteur principal: Horváthová, Petra
Autres auteurs: Durdová, Irena, Mikušová, Marie
Format: Chapitre de livre
Langue:tchèque
Sujets:
Tags: Ajouter un tag
Pas de tags, Soyez le premier à ajouter un tag!

MARC

LEADER 00000naa a2200000 4500
001 0128710
005 20231120133030.3
041 0 |a cze 
044 |a SK 
245 1 0 |a Talent management v různých typech organizací  |c Petra Horváthová, Irena Durdová, Marie Mikušová 
520 |a Vymedzenie základných pojmov a ich obsah. Vzťah medzi podnikateľskou stratégiou organizácie a talent-poolom. 
610 2 0 |a manažment 
610 2 0 |a talenty 
610 2 0 |a pojmy 
610 2 0 |a stratégia podnikateľská 
610 2 0 |a riadenie ľudských zdrojov 
100 1 |a Horváthová, Petra 
700 1 |a Durdová, Irena 
700 1 |a Mikušová, Marie